| 000 | 00564nam a2200169 a 4500 | ||
|---|---|---|---|
| 001 | 000031637 | ||
| 005 | 20250924073803.0 | ||
| 008 | 110628s1997 dr 000 0 spa d | ||
| 040 |
_aDO-SdBNP _bspa _cBNPHU |
||
| 100 | 1 |
_aOrtega, Ángel _924066 |
|
| 245 | 1 | 0 |
_aLingva Ergo Svm / _cÁngel Ortega. |
| 260 |
_aSanto Domingo : _bEditora Universitaria, _c1997. |
||
| 300 |
_a48 p. ; _c22 cm. |
||
| 490 | 1 |
_aPublicaciones de la Universidad Autónoma de Santo Domingo _v815 |
|
| 830 |
_aPublicaciones de la Universidad Autónoma de Santo Domingo _v815 _952 |
||
| 049 | _aBNPD | ||
| 999 |
_c31129 _d31129 |
||